000 01035nam a22003257a 4500
003 CHAP
005 20220329135742.0
008 971013s1982 r 00010 d
010 _a41499
011 _a42471
035 _a46600
040 _cCHAP
090 _aFolleto 8634
100 0 0 _aForbey, Greg.
_942284
245 _aMarchitamiento en sorgo causado por Acremopiumstrictum Gams
260 _aManfredi, Arg. :
_bEstación Experimental Agropecuaria Manfredi,
_c1982
300 _a4 p.
490 _aInformación técnica
_v; 89
590 _aBATCH-UPD
_b10
_c20130110
_lUCH01
_h2119
590 _aBATCH-UPD
_b10
_c20130410
_lUCH01
_h1429
590 _aBATCH-UPD
_b10
_c20130914
_lUCH01
_h1638
590 _aCONVERSION
_b10
_c20130109
_lUCH01
_h1323
650 1 4 _aMarchitez del sorgo.
_971287
650 1 4 _aSorgo
_xEnfermedades.
_9108662
700 0 _aCrespo, Liliana B.
_928912
830 0 _aInformación técnica
_v; 89
_958093
901 _aBK
942 _cFOLL
949 _aFolleto 8634
_bBC
_cFOLL
_d-106172
_eTS1
_i46600
_mD
_si
999 _c41499
_d41499